000 00714nam a2200253 a 4500
001 3821047
005 20240222021949.0
008 850705s1985 ii acf b 001 0 eng
020 _a8120713990
040 _aDLC
_cDLC
_dDLC
082 0 0 _a322.4.
_219
_bWOM.
100 0 _aManmohan Kaur,
245 1 0 _aWomen in India's freedom struggle /
_cManmohan Kaur.
250 _a3rd.
260 _aNew Delhi :
_bSterling,
_c 1985.
300 _aviii, 302.
500 _aRev. ed. of: Role of women in the freedom movement, 1857-1947. 1st ed. 1968.
500 _aIncludes index.
650 0 _aWomen
650 0 _aWomen social reformers
650 0 _aWomen in public life
700 0 _aManmohan Kaur,
_eedt
942 _cL
999 _c473
_d473